Hệ thống ống nước Lắp đặt - Sửa chữa - Bảo trì

Gorde:
Xehetasun bibliografikoak
Egile nagusia: Sunset
Formatua: Liburua
Hizkuntza:Undetermined
Argitaratua: Đà Nẵng Nxb. Đà Nẵng 2001
Gaiak:
Etiketak: Etiketa erantsi
Etiketarik gabe, Izan zaitez lehena erregistro honi etiketa jartzen!
Thư viện lưu trữ: Trung tâm Học liệu Trường Đại học Cần Thơ
LEADER 00578nam a2200181Ia 4500
001 CTU_45936
008 210402s9999 xx 000 0 und d
082 |a 696.1 
082 |b H250 
100 |a Sunset 
245 0 |a Hệ thống ống nước 
245 0 |b Lắp đặt - Sửa chữa - Bảo trì 
245 0 |c Sunset; Dịch giả: Phajm Cao Hoàn 
260 |a Đà Nẵng 
260 |b Nxb. Đà Nẵng 
260 |c 2001 
650 |a domestic engineering,plumbing,water - distribution 
980 |a Trung tâm Học liệu Trường Đại học Cần Thơ